Logo BPK

Biblioteka

Politechniki Koszalińskiej

Die Scholle / (Rekord nr 50642)

Szczegóły MARC
000 -ETYKIETA REKORDU
podpole kontrolne o stałej długości 00625nam a2200217 i 4500
001 - NUMER KONTROLNY REKORDU
pole kontrolne bgj
040 ## - ŹRÓDŁO KATALOGOWANIA
Instytucja, która utworzyła rekord BPK
041 0# - KOD JĘZYKA
Kod języka tekstu ger
044 ## - KOD KRAJU WYDAWCY/PRODUCENTA
Kod kraju wydawcy/producenta DEU
080 ## - UNIWERSALNA KLASYFIKACJA DZIESIĘTNA - UKD
UKD 82
008 - POLE O STAŁEJ DŁUGOŚCI - DANE KONTROLNE
podpole kontrolne o stałej długości s gw f |000 0 ger
100 1# - NAZWA OSOBOWA
Nazwa osobowa Ib~7anez, Blasco Vicente.
245 10 - TYTUŁ/ODPOWIEDZIALNOŚĆ
Tytuł Die Scholle /
Pozostałe elementy strefy tytułu i oznaczenia odpowiedzialności Ibañez ; auf Deutsch von Otto Albrecht und Elisabeth van Bebber ; Illustrationen von José Benlliure.
260 ## - STREFA ADRESU WYDAWNICZEGO
Miejsce wydania Berlin :
Nazwa wydawcy/dystrybutora Büchergilde Gutenberg,
Data publikacji, dystrybucji/powstania dokumentu 1932.
300 ## - STREFA OPISU FIZYCZNEGO
Objętość 196, [1] s. ;
Rozmiary 24 cm.
650 9# - HASŁO PRZEDMIOTOWE W FORMIE NAZWY OGÓLNEJ LUB JEDNOSTKOWEJ
Nazwa ogólna lub geograficzna Literatura
700 1# - HASŁO DODATKOWE - NAZWA OSOBOWA
Nazwa osobowa ALBRECHT, Otto.
700 1# - HASŁO DODATKOWE - NAZWA OSOBOWA
Nazwa osobowa BEBBER, Elizabeth van.
700 1# - HASŁO DODATKOWE - NAZWA OSOBOWA
Nazwa osobowa BENLLIURE, José.
856 ## - LOKALIZACJA I DOSTĘP DO ELEKTRONICZNYCH DOKUMENTÓW ZDALNYCH
Link (URL) http://koha.tu.koszalin.pl/cgi-bin/koha/opac-detail.pl?biblionumber=50642
Tekst linku Katalog online BPK
942 ## - DODATKOWE ELEMENTY (KOHA)
Typ dokumentu Książka
Egzemplarze
Wycofany Status egzemplarza Uszkodzony Dostępność Lokalizacja stała Lokalizacja bieżąca Miejsce przechowywania Sygnatura Kod kreskowy Typ dokumentu
      Dostępny Biblioteka Politechniki Koszalińskiej Biblioteka Politechniki Koszalińskiej Wypożyczalnia Językowa N 723 02438085 Książka
© 2023 Biblioteka Politechniki Koszalińskiej :: KOHA